Countries by Flag Emojis - Europe Edition - Statistics

General Stats
  • This quiz has been taken 15 times
  • The average score is 22 of 30
Answer Stats
Emoji Country % Correct
๐Ÿ‡ซ๐Ÿ‡ฎ Finland
91%
๐Ÿ‡ญ๐Ÿ‡บ Hungary
91%
๐Ÿ‡ต๐Ÿ‡น Portugal
91%
๐Ÿ‡ช๐Ÿ‡ธ Spain
91%
๐Ÿ‡ฌ๐Ÿ‡ง United KIngdom
91%
๐Ÿ‡ฆ๐Ÿ‡ฑ Albania
82%
๐Ÿ‡ง๐Ÿ‡ช Belgium
82%
๐Ÿ‡ซ๐Ÿ‡ท France
82%
๐Ÿ‡ฉ๐Ÿ‡ช Germany
82%
๐Ÿ‡ฌ๐Ÿ‡ท Greece
82%
๐Ÿ‡ฎ๐Ÿ‡น Italy
82%
๐Ÿ‡ฑ๐Ÿ‡บ Luxembourg
82%
๐Ÿ‡ณ๐Ÿ‡ด Norway
82%
๐Ÿ‡ฑ๐Ÿ‡ป Latvia
73%
๐Ÿ‡ณ๐Ÿ‡ฑ Netherlands
73%
๐Ÿ‡ธ๐Ÿ‡ฐ Slovakia
73%
๐Ÿ‡ธ๐Ÿ‡ช Sweden
73%
๐Ÿ‡ง๐Ÿ‡ฌ Bulgaria
64%
๐Ÿ‡ช๐Ÿ‡ช Estonia
64%
๐Ÿ‡ต๐Ÿ‡ฑ Poland
64%
๐Ÿ‡ท๐Ÿ‡ด Romania
64%
๐Ÿ‡ธ๐Ÿ‡ฒ San Marino
64%
๐Ÿ‡ธ๐Ÿ‡ฎ Slovenia
64%
๐Ÿ‡บ๐Ÿ‡ฆ Ukraine
64%
๐Ÿ‡ฆ๐Ÿ‡น Austria
55%
๐Ÿ‡ญ๐Ÿ‡ท Croatia
55%
๐Ÿ‡ฎ๐Ÿ‡ธ Iceland
55%
๐Ÿ‡ฒ๐Ÿ‡จ Monaco
55%
๐Ÿ‡จ๐Ÿ‡ญ Switzerland
55%
๐Ÿ‡ฝ๐Ÿ‡ฐ Kosovo
45%
No matching quizzes found
Score Distribution
Percent of People with Each Score
Percentile by Number Answered
Your Score History
You have not taken this quiz